Statystyki dla Stolice Europy #1

Kliknij tutaj aby rozwiązać quiz!

Ogólne statystyki

  • Ten quiz został rozwiązany 36 razy
  • Średni wynik to 38 z 46

Odpowiedzi na mapie

Odpowiedzi skodowane kolorowo w zielono-czerwonej skali na mapie do tego quizu, zgodnie z poniższymi procentami.
 

Statystyki odpowiedzi

Stolica% Poprawnych
Berlin
100%
Madryt
100%
Moskwa
100%
Warszawa
100%
Bruksela
97%
Kijów
97%
Oslo
97%
Praga
97%
Praga
97%
Amsterdam
94%
Paryż
94%
San Marino
94%
Watykan
94%
Ateny
91%
Londyn
91%
Rzym
91%
Kopenhaga
89%
Lizbona
89%
Mińsk
89%
Monako
89%
Zagrzeb
89%
Bratysława
86%
Bukareszt
86%
Dublin
86%
Ryga
86%
Wieden
86%
Budapeszt
83%
Helsinki
83%
Sztokholm
83%
Luksemburg
80%
Reykjavik
80%
Sofia
77%
Wilno
77%
Andora
74%
Berno
74%
Sarajewo
71%
Tallin
71%
Valletta
69%
Tirana
66%
Kiszyniów
63%
Vaduz
63%
Lublana
60%
Prisztina
51%
Belgrad
49%
Skopje
46%
Podgorica
43%

Rozkład punktacji

Percentyl według liczby udzielonych odpowiedzi

Procent ludzi z każdym wynikiem

Twoja historia wyników

Nie rozwiązałeś tego quizu